Normal view
MARC view
Entry Personal Name
001 - CONTROL NUMBER
- control field: 76727
003 - CONTROL NUMBER IDENTIFIER
- control field: dpl
005 - DATE AND TIME OF LATEST TRANSACTION
- control field: 20250120113027.0
008 - FIXED-LENGTH DATA ELEMENTS
- fixed length control field: 250120|| aca||aabn | a|a d
040 ## - CATALOGING SOURCE
- Original cataloging agency: dpl
- Transcribing agency: dpl
100 ## - HEADING--PERSONAL NAME
- Personal name: Ray, Prof. Ajoy Kumar
670 ## - SOURCE DATA FOUND
- Source citation: Work cat.: (dpl)208586: Ray, Prof. Ajoy Kumar, History of Science in India Vol.-VII Engineering Science/
